[Event "71st RUS-ch Higher League 2018"]
[Site "Yaroslavl"]
[Date "2018.07.04"]
[Round "8"]
[White "Sek, Konstantin"]
[Black "Girya, Olga"]
[Result "1-0"]
[WhiteElo "2476"]
[BlackElo "2457"]
[Annotator "ChessBase"]
[PlyCount "67"]
[EventDate "2018.06.26"]
[EventType "swiss"]
[EventCountry "RUS"]
[SourceTitle "playchess.com"]
[Source "ChessBase"]
[SourceQuality "1"]
[TimeControl "40/5400+30:1800+30"]

1. e4 {[%emt 0:00:00]} c6 {[%emt 0:00:00]} 2. c4 {[%emt 0:00:00]} d5 {[%emt 0:00:00]} 3. exd5 {[%emt 0:00:09]} cxd5 {[%emt 0:00:00]} 4. cxd5 {[%emt 0:00:25]} Nf6 {[%emt 0:00:00]} 5. Qa4+ {[%emt 0:00:12]} Nbd7 {[%emt 0:00:01]} 6. Nc3 {[%emt 0:00:10]} g6 {[%emt 0:00:49]} 7. Bc4 {[%emt 0:00:20]} Bg7 {[%emt 0:02:35]} 8. Nf3 {[%emt 0:00:16]} a6 {[%emt 0:01:36]} 9. d3 {[%emt 0:02:49]} Rb8 {[%emt 0:00:31]} 10. Bb3 {[%emt 0:05:47]} b5 {[%emt 0:00:38]} 11. Qh4 {[%emt 0:08:15]} Nc5 {[%emt 0:09:34]} 12. O-O {[%emt 0:00:35]} Nxb3 {[%emt 0:09:40]} 13. axb3 {[%emt 0:00:05]} Nxd5 {[%emt 0:07:25]} 14. Bh6 {[%emt 0:02:05]} Bxh6 {[%emt 0:26:59]} 15. Qxh6 {[%emt 0:00:06]} Nxc3 {[%emt 0:03:42]} 16. bxc3 {[%emt 0:00:31]} Qd6 {[%emt 0:07:36]} 17. Ng5 {[%emt 0:03:57]} Bb7 {[%emt 0:01:50]} 18. Rfe1 {[%emt 0:02:11]} Qf6 {[%emt 0:08:04]} 19. Nxh7 {[%emt 0:20:01]} Qc6 {[%emt 0:00:09]} 20. f3 {[%emt 0:00:14]} Qxc3 {[%emt 0:05:32]} 21. Qh4 {[%emt 0:05:32]} g5 {[%emt 0:01:30]} 22. Qxg5 {[%emt 0:01:31]} Qd4+ {[%emt 0:00:03]} 23. Kh1 {[%emt 0:00:56]} e6 {[%emt 0:03:24]} 24. Rac1 {[%emt 0:02:05]} Rc8 {[%emt 0:03:41]} 25. Rxc8+ Bxc8 26. h3 {[%emt 0:07:11]} Qxd3 {[%emt 0:03:46]} 27. Nf6+ {[%emt 0:02:07]} Kf8 {[%emt 0:00:01]} 28. Nh5 {[%emt 0:09:01]} Qd4 {[%emt 0:03:05]} 29. Re4 {[%emt 0:02:24]} Qd1+ {[%emt 0:00:37]} 30. Kh2 {[%emt 0:00:02]} Qd6+ {[%emt 0:00:06]} 31. f4 {[%emt 0:00:10]} Ke8 {[%emt 0:01:30]} 32. Nf6+ {[%emt 0:03:41]} Kf8 {[%emt 0:00:12]} 33. Re3 {[%emt 0:01:08]} Bb7 {[%emt 0:00:44]} 34. Rg3 {[%emt 0:00:12]} 1-0

[Event "71st RUS-ch Higher League 2018"]
[Site "Yaroslavl"]
[Date "2018.07.04"]
[Round "8"]
[White "Fakhrutdinov, Timur"]
[Black "Volkov, Sergey"]
[Result "1-0"]
[WhiteElo "2460"]
[BlackElo "2580"]
[Annotator "TA"]
[PlyCount "47"]
[EventDate "2018.06.26"]
[EventType "swiss"]
[EventCountry "RUS"]
[SourceTitle "playchess.com"]
[Source "ChessBase"]
[SourceQuality "1"]

{[%evp 23,47,47,60,60,62,68,66,61,76,58,284,262,258,266,493,170,146,158,477,479,1633,1631,1590,1576,1452,1436]} 1. e4 e6 2. d4 d5 3. Nc3 Nf6 4. e5 Nfd7 5. f4 c5 6. Nf3 Nc6 7. Be3 Be7 8. Qd2 O-O 9. dxc5 Qa5 {C11: Französische Verteidigung} 10. O-O-O (10. a3 Bxc5 11. O-O-O Rd8 12. Bxc5 Nxc5 13. h4 Bd7 14. h5 h6 15. g4 Be8 16. Qe3 d4 17. Nxd4 Nxd4 18. Rxd4 {½-½ (26) Inarkiev,E (2689)-Volkov,S (2645) St Petersburg 2017}) 10... b6 11. Bb5 Nb4 12. a3 bxc5 {LiveBook: 8 Partien} 13. Kb1 ({Schlechter ist} 13. axb4 cxb4 14. Na4 Qxb5 $17) 13... Nb6 14. f5 {Schwarz muss nun f6 beachten.} d4 15. axb4 Qxb4 $146 ({Vorgänger:} 15... cxb4 16. Bxd4 bxc3 17. Bxc3 Qxb5 {1-0 (73) Milliet,S (2389)-Fitzsimons,D (2339) England 2018}) 16. f6 (16. Bxd4 {looks sharper.} exf5 17. Bf2 Rb8 18. Qc1 Be6 19. Be1) 16... gxf6 $2 (16... dxc3 $14 17. Qxc3 gxf6) 17. Nxd4 cxd4 18. Bxd4 ({Schwächer ist} 18. Qxd4 Qxd4 19. Bxd4 (19. Rxd4 fxe5 20. Rd3 Rd8 $11) 19... fxe5 $14) 18... fxe5 $2 (18... f5 {ist wohl besser.} 19. g4 Rb8) 19. Bxe5 $2 (19. Qh6 {Droht Matt per Td3.} f6 20. Rd3) 19... f6 $18 {[#]} 20. Rhf1 $1 $40 {[%cal Bh1f1,Bf1f4,Bf4g4][%mdl 160] zielt auf Tf4 ab. Weiss geht auf den König.} Bb7 $2 (20... fxe5 $16 {ist zäher.} 21. Rxf8+ Kxf8) 21. Rf4 {Weiß steht klar auf Gewinn.} Qc5 (21... Rad8 $142) 22. Rg4+ Kh8 23. Qg5 {[%csl Gg4][%cal Rg5g7]} Rf7 {[#]} 24. Bxf6+ $1 {[%mdl 512] Precision: Weiß = 69%, Schwarz = 30%.} 1-0

[Event "71st RUS-ch Higher League 2018"]
[Site "Yaroslavl"]
[Date "2018.07.04"]
[Round "8"]
[White "Gaifullin, Artur"]
[Black "Ovetchkin, Roman"]
[Result "1-0"]
[WhiteElo "2448"]
[BlackElo "2546"]
[Annotator "ChessBase"]
[PlyCount "81"]
[EventDate "2018.06.26"]
[EventType "swiss"]
[EventCountry "RUS"]
[SourceTitle "playchess.com"]
[Source "ChessBase"]
[SourceQuality "1"]
[TimeControl "40/5400+30:1800+30"]

1. d4 {[%emt 0:00:00]} Nf6 {[%emt 0:00:00]} 2. Nf3 {[%emt 0:00:00]} g6 {[%emt 0:00:32]} 3. c4 {[%emt 0:00:23]} Bg7 {[%emt 0:00:06]} 4. Nc3 {[%emt 0:00:03]} O-O {[%emt 0:00:08]} 5. e4 {[%emt 0:00:28]} d6 {[%emt 0:00:07]} 6. Be2 {[%emt 0:00:07]} e5 {[%emt 0:00:23]} 7. Be3 {[%emt 0:00:06]} exd4 {[%emt 0:02:14]} 8. Nxd4 {[%emt 0:00:04]} Re8 {[%emt 0:00:04]} 9. f3 {[%emt 0:00:04]} c6 {[%emt 0:00:05]} 10. Nc2 {[%emt 0:02:48]} d5 {[%emt 0:07:02]} 11. cxd5 {[%emt 0:10:31]} cxd5 {[%emt 0:00:32]} 12. Bg5 {[%emt 0:00:26]} h6 {[%emt 0:16:21]} 13. Bxf6 {[%emt 0:02:03]} Qxf6 {[%emt 0:05:29]} 14. Nxd5 {[%emt 0:21:59]} Qxb2 {[%emt 0:04:21]} 15. Rb1 {[%emt 0:04:03]} Qxa2 {[%emt 0:03:29]} 16. O-O {[%emt 0:10:47]} Qa5 {[%emt 0:00:31]} 17. Nce3 {[%emt 0:04:36]} Nc6 {[%emt 0:02:56]} 18. Kh1 {[%emt 0:00:32]} Qd8 {[%emt 0:16:03]} 19. Bc4 {[%emt 0:12:37]} Nd4 {[%emt 0:12:52]} 20. Qa4 {[%emt 0:10:32]} Bd7 {[%emt 0:02:19]} 21. Qd1 {[%emt 0:07:59]} b5 {[%emt 0:02:54]} 22. Ba2 {[%emt 0:00:01]} a5 {[%emt 0:02:33]} 23. Ng4 {[%emt 0:03:47]} Bxg4 {[%emt 0:08:14]} 24. fxg4 {[%emt 0:00:00]} Ra7 {[%emt 0:00:07]} 25. Qd3 {[%emt 0:02:47]} Be5 {[%emt 0:01:50]} 26. Qh3 {[%emt 0:00:34]} Qg5 {[%emt 0:00:24]} 27. Rbc1 {[%emt 0:01:16]} Kg7 {[%emt 0:01:27]} 28. Rc5 {[%emt 0:01:09]} Qd2 {[%emt 0:00:49]} 29. g5 {[%emt 0:01:11]} hxg5 {[%emt 0:01:06]} 30. Nc7 {[%emt 0:00:10]} Re7 {[%emt 0:00:48]} 31. Nxb5 {[%emt 0:01:26]} Qe2 {[%emt 0:00:31]} 32. Bc4 {[%emt 0:00:09]} Qxe4 {[%emt 0:02:28]} 33. Nxa7 {[%emt 0:00:49]} Rxa7 {[%emt 0:01:35]} 34. Bd3 {[%emt 0:00:10]} g4 {[%emt 0:02:15]} 35. Bxe4 {[%emt 0:00:06]} gxh3 {[%emt 0:00:02]} 36. Rxe5 {[%emt 0:00:05]} hxg2+ {[%emt 0:00:04]} 37. Kxg2 {[%emt 0:00:16]} a4 {[%emt 0:00:04]} 38. Rd5 {[%emt 0:00:49]} Ne6 {[%emt 0:00:11]} 39. Rb5 {[%emt 0:00:15]} Ra6 {[%emt 0:01:23]} 40. Bd5 {[%emt 0:00:00]} Nd8 {[%emt 0:00:00]} 41. Ba2 {[%emt 0:01:29]} 1-0

[Event "71st RUS-ch Higher League 2018"]
[Site "Yaroslavl"]
[Date "2018.07.04"]
[Round "8"]
[White "Zakaryan, David"]
[Black "Tekeyev, Zaur"]
[Result "1-0"]
[WhiteElo "2387"]
[BlackElo "2407"]
[Annotator "NA"]
[PlyCount "86"]
[EventDate "2018.06.26"]
[EventType "swiss"]
[EventCountry "RUS"]
[SourceTitle "playchess.com"]
[Source "ChessBase"]
[SourceQuality "1"]
[TimeControl "40/5400+30:1800+30"]

1. b3 {[%emt 0:00:00]} Nf6 {[%emt 0:01:40]} 2. Bb2 {[%emt 0:00:00]} g6 {[%emt 0:00:08]} 3. Bxf6 {[%emt 0:00:00]} exf6 {[%emt 0:00:01]} 4. c4 {[%emt 0:00:16]} d5 {[%emt 0:00:02]} 5. cxd5 {[%emt 0:00:12]} Qxd5 {[%emt 0:00:02]} 6. Nc3 {[%emt 0:00:06]} Qa5 {[%emt 0:01:23]} 7. g3 {[%emt 0:02:25]} Ba3 {[%emt 0:00:32]} 8. Qc2 {[%emt 0:01:12]} Bf5 {[%emt 0:40:45]} 9. e4 {[%emt 0:00:06]} Nc6 {[%emt 0:11:20]} 10. Bb5 {[%emt 0:03:29]} Bd7 {[%emt 0:04:30]} 11. Nge2 {[%emt 0:05:00]} O-O-O {[%emt 0:10:15]} 12. d4 {[%emt 0:03:28]} Nb4 {[%emt 0:01:06]} 13. Bxd7+ {[%emt 0:00:06]} Rxd7 {[%emt 0:00:01]} 14. Qd2 {[%emt 0:00:18]} Bb2 {[%emt 0:02:00]} 15. O-O {[%emt 0:06:27]} Bxa1 {[%emt 0:02:12]} 16. Rxa1 {[%emt 0:00:01]} Nc6 {[%emt 0:02:28]} 17. d5 {[%emt 0:00:43]} Ne5 {[%emt 0:01:18]} 18. Kg2 {[%emt 0:00:12]} h5 {[%emt 0:02:31]} 19. f4 {[%emt 0:01:07]} Nc6 {[%emt 0:00:15]} 20. Qb2 {[%emt 0:07:25]} Ne7 {[%emt 0:02:23]} 21. Rc1 {[%emt 0:03:58]} h4 {[%emt 0:03:16]} 22. Nd4 {[%emt 0:03:19]} Kb8 {[%emt 0:07:07]} 23. Na4 {[%emt 0:03:19]} hxg3 {[%emt 0:02:32]} 24. hxg3 {[%emt 0:00:06]} Rd6 {[%emt 0:01:00]} 25. Nc5 {[%emt 0:06:23]} c6 {[%emt 0:01:06]} 26. b4 {[%emt 0:00:50]} Qb6 {[%emt 0:00:01]} 27. a4 {[%emt 0:03:35]} a5 {[%emt 0:01:18]} 28. Rb1 {[%emt 0:03:14]} cxd5 {[%emt 0:01:53]} 29. e5 {[%emt 0:01:31]} fxe5 {[%emt 0:00:01]} 30. fxe5 {[%emt 0:00:05]} Rdd8 {[%emt 0:00:51]} 31. bxa5 {[%emt 0:00:11]} Qxb2+ {[%emt 0:00:17]} 32. Rxb2 {[%emt 0:00:00]} Ka8 {[%emt 0:00:53]} 33. Rxb7 {[%emt 0:00:16]} Rc8 {[%emt 0:00:31]} 34. Rxe7 {[%emt 0:01:41]} Rxc5 {[%emt 0:00:01]} 35. a6 {[%emt 0:01:27]} Rc4 {[%emt 0:01:03]} 36. Nb5 {[%emt 0:00:10]} Rxa4 {[%emt 0:00:31]} 37. Ra7+ {[%emt 0:00:09]} Kb8 {[%emt 0:00:05]} 38. Rb7+ {[%emt 0:00:02]} Kc8 {[%emt 0:00:08]} 39. Nd6+ {[%emt 0:00:04]} Kd8 {[%emt 0:00:07]} 40. Nxf7+ {[%emt 0:00:00]} Kc8 {[%emt 0:00:00]} 41. Nd6+ {[%emt 0:01:54]} Kd8 {[%emt 0:04:25]} 42. e6 {[%emt 0:01:08]} Ra2+ {[%emt 0:05:07]} 43. Kf3 {[%emt 0:00:05]} Rf8+ {[%emt 0:00:04] Ke4} 1-0

[Event "71st RUS-ch Higher League 2018"]
[Site "Yaroslavl"]
[Date "2018.07.04"]
[Round "8"]
[White "Bykov, Oleg"]
[Black "Moiseenko, Vadim"]
[Result "1-0"]
[WhiteElo "2375"]
[BlackElo "2517"]
[Annotator "ChessBase"]
[PlyCount "67"]
[EventDate "2018.06.26"]
[EventType "swiss"]
[EventCountry "RUS"]
[SourceTitle "playchess.com"]
[Source "ChessBase"]
[SourceQuality "1"]
[TimeControl "40/5400+30:1800+30"]

1. d4 {[%emt 0:00:00]} d5 {[%emt 0:08:34]} 2. c4 {[%emt 0:00:00]} e6 {[%emt 0:00:08]} 3. Nc3 {[%emt 0:00:00]} h6 {[%emt 0:00:05]} 4. Nf3 {[%emt 0:03:02]} Nf6 {[%emt 0:00:05]} 5. Bf4 {[%emt 0:00:55]} Bd6 {[%emt 0:02:25]} 6. Bxd6 {[%emt 0:03:03]} Qxd6 {[%emt 0:00:11]} 7. e3 {[%emt 0:01:57]} b6 {[%emt 0:01:38]} 8. Rc1 {[%emt 0:01:55]} O-O {[%emt 0:08:42]} 9. cxd5 {[%emt 0:04:20]} Nxd5 {[%emt 0:00:08]} 10. Be2 {[%emt 0:07:07]} Bb7 {[%emt 0:01:58]} 11. Nb5 {[%emt 0:10:44]} Qe7 {[%emt 0:01:19]} 12. O-O {[%emt 0:00:53]} c6 {[%emt 0:05:04]} 13. Nc3 {[%emt 0:07:45]} Nd7 {[%emt 0:01:04]} 14. Nxd5 {[%emt 0:04:51]} exd5 {[%emt 0:00:04]} 15. Qa4 {[%emt 0:00:38]} a5 {[%emt 0:02:34]} 16. Qb3 {[%emt 0:03:45]} Qd6 {[%emt 0:09:57]} 17. Rfd1 {[%emt 0:03:15]} Rfe8 {[%emt 0:01:04]} 18. Bd3 {[%emt 0:00:52]} g6 {[%emt 0:00:08]} 19. h4 {[%emt 0:08:17]} Kg7 {[%emt 0:08:21]} 20. h5 {[%emt 0:02:29]} Re6 {[%emt 0:04:07]} 21. Nh4 {[%emt 0:16:12]} Qe7 {[%emt 0:10:23]} 22. g3 {[%emt 0:00:35]} Ba6 {[%emt 0:00:39]} 23. Bf5 {[%emt 0:02:06]} g5 {[%emt 0:02:01]} 24. Bxe6 {[%emt 0:02:07]} Qxe6 {[%emt 0:00:06]} 25. Ng2 {[%emt 0:00:47]} Be2 {[%emt 0:02:55]} 26. Re1 {[%emt 0:11:55]} Bc4 {[%emt 0:07:57]} 27. Qc2 {[%emt 0:00:51]} Nf6 {[%emt 0:00:12]} 28. b3 {[%emt 0:00:36]} Ba6 {[%emt 0:01:32]} 29. Qxc6 {[%emt 0:01:08]} Qh3 {[%emt 0:00:05]} 30. Qxa8 {[%emt 0:01:46]} Bd3 {[%emt 0:00:02]} 31. f3 {[%emt 0:00:39]} g4 {[%emt 0:00:01]} 32. Qc8 {[%emt 0:00:31]} Qxg3 {[%emt 0:00:16]} 33. Qc7 {[%emt 0:00:19]} Qxf3 {[%emt 0:00:47]} 34. Qf4 {[%emt 0:00:38]} 1-0

[Event "71st RUS-ch Higher League 2018"]
[Site "Yaroslavl"]
[Date "2018.07.04"]
[Round "8"]
[White "Bykov, Egor"]
[Black "Okrugin, Sergey"]
[Result "1-0"]
[WhiteElo "2373"]
[BlackElo "2334"]
[Annotator "NA"]
[PlyCount "127"]
[EventDate "2018.06.26"]
[EventType "swiss"]
[EventCountry "RUS"]
[SourceTitle "playchess.com"]
[Source "ChessBase"]
[SourceQuality "1"]
[TimeControl "40/5400+30:1800+30"]

1. d4 {[%emt 0:00:00]} Nf6 {[%emt 0:00:06]} 2. c4 {[%emt 0:00:00]} e6 {[%emt 0:00:06]} 3. Nf3 {[%emt 0:00:00]} b6 {[%emt 0:00:04]} 4. g3 {[%emt 0:00:00]} Bb7 {[%emt 0:00:07]} 5. Bg2 {[%emt 0:00:00]} Be7 {[%emt 0:00:08]} 6. O-O {[%emt 0:00:05]} O-O {[%emt 0:00:08]} 7. Nc3 {[%emt 0:00:04]} Ne4 {[%emt 0:00:08]} 8. Bd2 {[%emt 0:00:05]} Bf6 {[%emt 0:00:16]} 9. Rc1 {[%emt 0:04:51]} c5 {[%emt 0:02:03]} 10. d5 {[%emt 0:00:56]} exd5 {[%emt 0:00:48]} 11. cxd5 {[%emt 0:00:20]} Nxd2 {[%emt 0:00:18]} 12. Nxd2 {[%emt 0:00:53]} d6 {[%emt 0:00:17]} 13. Re1 {[%emt 0:06:20]} Re8 {[%emt 0:18:34]} 14. Nde4 {[%emt 0:01:57]} Be7 {[%emt 0:08:23]} 15. f4 {[%emt 0:00:42]} Nd7 {[%emt 0:07:48]} 16. a3 {[%emt 0:03:31]} a6 {[%emt 0:15:53]} 17. b4 {[%emt 0:08:22]} cxb4 {[%emt 0:03:35]} 18. axb4 {[%emt 0:00:04]} Rc8 {[%emt 0:00:32]} 19. Qd3 {[%emt 0:02:55]} b5 {[%emt 0:01:47]} 20. Nd2 {[%emt 0:11:31]} Bf6 {[%emt 0:12:43]} 21. Nce4 {[%emt 0:04:37]} Nb6 {[%emt 0:03:24]} 22. Rxc8 {[%emt 0:08:32]} Bxc8 {[%emt 0:01:48]} 23. Nxf6+ {[%emt 0:01:45]} Qxf6 {[%emt 0:00:16]} 24. e4 {[%emt 0:00:26]} g5 {[%emt 0:06:05]} 25. Rf1 {[%emt 0:07:31]} gxf4 {[%emt 0:01:14]} 26. gxf4 {[%emt 0:02:13]} Kh8 {[%emt 0:01:48]} 27. Kh1 {[%emt 0:12:53]} Rg8 {[%emt 0:01:51]} 28. Nb3 {[%emt 0:09:26]} Qg7 {[%emt 0:03:11]} 29. Qd4 {[%emt 0:00:27]} f6 {[%emt 0:00:56]} 30. Rg1 {[%emt 0:00:33]} Nc4 {[%emt 0:00:23]} 31. Bf1 {[%emt 0:02:02]} Qh6 {[%emt 0:05:49]} 32. Rxg8+ {[%emt 0:03:28]} Kxg8 {[%emt 0:00:02]} 33. Bxc4 {[%emt 0:01:20]} bxc4 {[%emt 0:00:28]} 34. Qxc4 {[%emt 0:00:59]} Bh3 {[%emt 0:01:17]} 35. Qd3 {[%emt 0:05:11]} Kf7 {[%emt 0:00:23]} 36. Nd2 {[%emt 0:03:19]} Qxf4 {[%emt 0:01:59]} 37. Qxh3 {[%emt 0:00:06]} Qxd2 {[%emt 0:00:08]} 38. Qxh7+ {[%emt 0:00:12]} Kf8 {[%emt 0:00:11]} 39. Qh8+ {[%emt 0:00:13]} Kf7 {[%emt 0:00:04]} 40. Qh5+ {[%emt 0:00:00]} Ke7 {[%emt 0:00:00]} 41. Qh7+ {[%emt 0:03:34]} Kf8 {[%emt 0:03:00]} 42. Qg6 {[%emt 0:00:12]} Qxb4 {[%emt 0:12:58]} 43. Qxf6+ {[%emt 0:00:06]} Ke8 {[%emt 0:03:44]} 44. Qe6+ {[%emt 0:00:06]} Kd8 {[%emt 0:00:29]} 45. h4 {[%emt 0:00:32]} Kc7 {[%emt 0:07:17]} 46. h5 {[%emt 0:04:33]} a5 {[%emt 0:06:47]} 47. h6 {[%emt 0:00:55]} a4 {[%emt 0:00:29]} 48. Qe7+ {[%emt 0:03:29]} Kb6 {[%emt 0:00:33]} 49. h7 {[%emt 0:00:41]} Qe1+ {[%emt 0:02:32]} 50. Kg2 {[%emt 0:00:10]} Qe2+ {[%emt 0:00:08]} 51. Kg3 {[%emt 0:00:08]} Qe3+ {[%emt 0:00:13]} 52. Kg4 {[%emt 0:00:21]} Qe2+ {[%emt 0:00:44]} 53. Kg5 {[%emt 0:00:23]} Qg2+ {[%emt 0:00:12]} 54. Kf6 {[%emt 0:01:37]} Qf3+ {[%emt 0:00:15]} 55. Ke6 {[%emt 0:01:36]} Qxe4+ {[%emt 0:00:16]} 56. Kxd6 {[%emt 0:05:00]} Qb4+ {[%emt 0:01:51]} 57. Kd7 {[%emt 0:00:05]} Qb5+ {[%emt 0:00:08]} 58. Ke6 {[%emt 0:00:44]} Qe2+ {[%emt 0:00:11]} 59. Kd6 {[%emt 0:00:39]} Qh2+ {[%emt 0:00:13]} 60. Kd7 {[%emt 0:00:24]} Kb5 {[%emt 0:00:41]} 61. Kc8 {[%emt 0:00:56]} a3 {[%emt 0:01:09]} 62. Qe8+ {[%emt 0:00:40]} Kb6 {[%emt 0:00:09]} 63. Qc6+ {[%emt 0:00:21]} Ka5 {[%emt 0:00:09]} 64. Qc7+ {[%emt 0:00:06]} 1-0

[Event "71st RUS-ch Higher League 2018"]
[Site "Yaroslavl"]
[Date "2018.07.04"]
[Round "8"]
[White "Bimiev, Ahmad"]
[Black "Rodin, Dmitrij"]
[Result "0-1"]
[WhiteElo "2125"]
[BlackElo "2402"]
[Annotator "NA"]
[PlyCount "135"]
[EventDate "2018.06.26"]
[EventType "swiss"]
[EventCountry "RUS"]
[SourceTitle "playchess.com"]
[Source "ChessBase"]
[SourceQuality "1"]
[TimeControl "40/5400+30:1800+30"]

1. c4 {[%emt 0:00:00]} Nf6 {[%emt 0:00:00]} 2. Nf3 {[%emt 0:00:00]} e6 {[%emt 0:00:10]} 3. g3 {[%emt 0:00:00]} b6 {[%emt 0:00:19]} 4. Bg2 {[%emt 0:00:00]} Bb7 {[%emt 0:00:02]} 5. O-O {[%emt 0:00:02]} Be7 {[%emt 0:00:52]} 6. b3 {[%emt 0:05:34]} O-O {[%emt 0:00:08]} 7. Bb2 {[%emt 0:00:04]} c5 {[%emt 0:00:22]} 8. Nc3 {[%emt 0:01:43]} d6 {[%emt 0:03:06]} 9. Re1 {[%emt 0:01:09]} a6 {[%emt 0:02:25]} 10. d4 {[%emt 0:03:35]} cxd4 {[%emt 0:00:20]} 11. Nxd4 {[%emt 0:00:06]} Bxg2 {[%emt 0:00:15]} 12. Kxg2 {[%emt 0:00:01]} Qc7 {[%emt 0:00:32]} 13. e3 {[%emt 0:03:27]} Nbd7 {[%emt 0:07:35]} 14. f4 {[%emt 0:04:31]} Nc5 {[%emt 0:08:16]} 15. e4 {[%emt 0:01:20]} Rfe8 {[%emt 0:05:07]} 16. Qf3 {[%emt 0:01:32]} Bf8 {[%emt 0:10:19]} 17. Rad1 {[%emt 0:06:53]} Rac8 {[%emt 0:10:30]} 18. Rd2 {[%emt 0:14:58]} Qb8 {[%emt 0:06:28]} 19. e5 {[%emt 0:21:52]} Nfd7 {[%emt 0:08:29]} 20. exd6 {[%emt 0:01:26]} Bxd6 {[%emt 0:02:30]} 21. Red1 {[%emt 0:00:12]} Bf8 {[%emt 0:18:21]} 22. b4 {[%emt 0:03:33]} e5 {[%emt 0:00:06]} 23. Nc6 {[%emt 0:06:49]} e4 {[%emt 0:01:12]} 24. Nxe4 {[%emt 0:00:10]} Rxc6 {[%emt 0:01:37]} 25. Nxc5 {[%emt 0:00:05]} Rxc5 {[%emt 0:01:01]} 26. bxc5 {[%emt 0:00:08]} Nxc5 {[%emt 0:00:05]} 27. Be5 {[%emt 0:00:53]} Qc8 {[%emt 0:00:22]} 28. Qd5 {[%emt 0:05:35]} h6 {[%emt 0:01:23]} 29. Rb1 {[%emt 0:01:00]} Re6 {[%emt 0:03:24]} 30. Rf1 {[%emt 0:07:18]} Rc6 {[%emt 0:00:51]} 31. f5 {[%emt 0:00:33]} Nb7 {[%emt 0:00:36]} 32. Qd7 {[%emt 0:01:37]} Rxc4 {[%emt 0:00:12]} 33. Qxc8 {[%emt 0:00:04]} Rxc8 {[%emt 0:00:02]} 34. f6 {[%emt 0:00:41]} g5 {[%emt 0:00:28]} 35. Rfd1 {[%emt 0:00:35]} Re8 {[%emt 0:02:12]} 36. Bc3 {[%emt 0:03:07]} Re3 {[%emt 0:01:19]} 37. Rc2 {[%emt 0:01:28]} Nc5 {[%emt 0:02:26]} 38. Re1 {[%emt 0:00:12]} Rxe1 {[%emt 0:01:43]} 39. Bxe1 {[%emt 0:00:05]} Kh7 {[%emt 0:00:04]} 40. Bc3 {[%emt 0:00:00]} Kg6 {[%emt 0:00:00]} 41. Re2 {[%emt 0:01:32]} Nd7 {[%emt 0:02:08]} 42. Re8 {[%emt 0:00:34]} Bc5 {[%emt 0:00:19]} 43. Rc8 {[%emt 0:08:07]} Kf5 {[%emt 0:04:51]} 44. h3 {[%emt 0:01:06]} h5 {[%emt 0:02:23]} 45. Rc6 {[%emt 0:03:40]} g4 {[%emt 0:02:31]} 46. h4 {[%emt 0:01:18]} a5 {[%emt 0:05:07]} 47. a4 {[%emt 0:00:25]} Ne5 {[%emt 0:10:20]} 48. Rc7 {[%emt 0:00:24]} Nc4 {[%emt 0:03:11]} 49. Rxf7 {[%emt 0:01:34]} Ke6 {[%emt 0:00:04]} 50. Rc7 {[%emt 0:03:56]} Ne3+ {[%emt 0:00:16]} 51. Kh1 {[%emt 0:00:05]} Nd5 {[%emt 0:00:20]} 52. Rc6+ {[%emt 0:01:15]} Kd7 {[%emt 0:00:33]} 53. Rxc5 {[%emt 0:00:33]} bxc5 {[%emt 0:00:06]} 54. Bxa5 {[%emt 0:00:06]} Nxf6 {[%emt 0:00:13]} 55. Kg2 {[%emt 0:00:16]} Ne4 {[%emt 0:00:12]} 56. Be1 {[%emt 0:00:29]} c4 {[%emt 0:02:10]} 57. Kf1 {[%emt 0:00:04]} c3 {[%emt 0:00:24]} 58. Ke2 {[%emt 0:00:05]} c2 {[%emt 0:00:32]} 59. Bd2 {[%emt 0:00:03]} Nxg3+ 60. Kd3 Nf1 {[%emt 0:01:57]} 61. Bf4 {[%emt 0:00:53]} g3 {[%emt 0:00:08]} 62. Ke2 {[%emt 0:00:10]} Nh2 {[%emt 0:01:28]} 63. Kd2 {[%emt 0:00:03]} Nf3+ {[%emt 0:01:51]} 64. Kxc2 {[%emt 0:00:01]} g2 {[%emt 0:00:23]} 65. Be3 {[%emt 0:00:02]} g1=Q {[%emt 0:00:17]} 66. Bxg1 {[%emt 0:00:02]} Nxg1 {[%emt 0:00:11]} 67. Kd3 {[%emt 0:00:06]} Nf3 {[%emt 0:00:06]} 68. Ke4 0-1

[Event "71st RUS-ch Higher League 2018"]
[Site "Yaroslavl"]
[Date "2018.07.05"]
[Round "9"]
[White "Inarkiev, Ernesto"]
[Black "Motylev, Alexander"]
[Result "1/2-1/2"]
[WhiteElo "2684"]
[BlackElo "2659"]
[Annotator "TA"]
[PlyCount "90"]
[EventDate "2018.06.26"]
[EventType "swiss"]
[EventCountry "RUS"]
[SourceTitle "playchess.com"]
[Source "ChessBase"]
[SourceQuality "1"]

{[%evp 14,90,6,12,13,0,20,21,26,23,17,0,6,-3,29,0,-2,-10,0,0,20,38,96,88,142,130,101,48,47,59,56,0,0,-2,0,-21,-21,-15,-8,-43,-43,-32,-39,-31,-27,-49,-35,-37,-38,-66,-52,-48,-62,-42,-51,-33,-23,-27,-18,-14,0,-5,-6,-6,0,0,0,0,0,0,0,0,0,0,0,0,0,0,19]} 1. d4 d5 2. c4 c6 3. cxd5 cxd5 4. Bf4 Nf6 5. Nc3 Nc6 6. Nf3 Nh5 7. Be5 f6 {D13: Slav Defence: Exchange variation without ...Bf5} (7... e6 8. e3 a6 9. Bd3 Be7 10. Rc1 Nxe5 11. dxe5 g6 12. O-O O-O 13. Na4 Bd7 14. Nc5 Rc8 15. b4 Rc7 16. Qb3 Qb8 17. Rc2 Rfc8 18. Rb1 Be8 19. g4 Ng7 20. Bxa6 bxa6 21. Nxa6 Rxc2 22. Nxb8 {½-½ (70) Shimanov,A (2640)-Nyzhnyk,I (2594) Saint Louis 2017}) 8. Bg3 $1 {LiveBook: 26 Games} Be6 9. e3 Nxg3 10. hxg3 Bf7 11. Bd3 g6 12. O-O $146 ({Predecessor:} 12. Nh4 Bg7 13. Qg4 Qc8 14. Nf5 O-O 15. Nh6+ {1-0 (15) Zulfic,F (2192)-Jule,A (1946) Sydney 2014}) 12... e6 13. Rc1 $36 {[%mdl 2048] White has the initiative.} Bd6 14. Na4 O-O 15. a3 Qe7 16. e4 dxe4 17. Bxe4 Na5 ({Black should play} 17... Rac8 $14) 18. b4 $16 f5 (18... Nc6 $142) 19. Bd3 ({Worse is} 19. bxa5 fxe4 20. Ne5 Rad8 $11) 19... Nc6 20. Bc4 (20. Re1 $16) 20... Rad8 $14 21. Qb3 Bb8 22. Nc5 (22. Qe3 $14) 22... Nxd4 $11 23. Nxd4 Rxd4 24. Bxe6 b6 25. Bxf7+ Qxf7 26. Qxf7+ (26. Ne6 {looks sharper.} Rd6 27. Rfe1 Re8 28. Kh2 h6 29. Re3) 26... Kxf7 27. Na6 Bd6 28. Nc7 Be7 29. Nb5 Rd7 30. Rc6 Rfd8 31. Re1 a6 {[#] And now ...Rd1 would win.} 32. Nc7 Rc8 33. Rec1 a5 34. R1c4 Rd1+ 35. Kh2 Rd2 36. f4 {The position is equal.} Rd7 37. Ne6 Rxc6 38. Rxc6 axb4 39. axb4 {[%mdl 4096] Endgame KRB-KRN} Rd6 40. Ng5+ Ke8 41. Rc7 h6 42. Nf3 Bf6 43. Nh4 Be7 44. b5 Kd8 45. Rb7 Bxh4 {Precision: White = 62%, Black = 61%.} 1/2-1/2